| 000 | 00860nam a2200205 a 4500 | ||
|---|---|---|---|
| 003 | 0 | ||
| 005 | 20250310111128.0 | ||
| 008 | 080730s19uu xx 00 eng d | ||
| 050 |
_aPGS LB 3251 _b.C454 2008 |
||
| 100 | _aChan, Lee Ye. | ||
| 245 |
_aPerceptions of grades 9, 10 and 11 ILC students on the learning environment in the Upper School Science laboratory / _cLee Ye Chan. |
||
| 260 |
_aLas Piñas City, Philippines : _bSouthville International School and Colleges, _c2008. |
||
| 300 |
_a38 pages : _billustrations ; _c28 cm. |
||
| 504 | _aIncludes bibliographical references. | ||
| 650 | _aLearning environment — Secondary education. | ||
| 650 | _aScience laboratories — Educational aspects. | ||
| 650 | _aStudent attitudes toward learning environments. | ||
| 650 | _aSecondary school science — Teaching methods. | ||
| 942 |
_2lcc _cPASS |
||
| 999 |
_c98005 _d98005 |
||